Unbekannte Länderflaggen - Statistiken

Allgemein
  • Dieses Quiz wurde 64 mal gespielt
  • Das Durchschnittsergebnis liegt bei 10 aus 12
Antwortstatistiken
Bildquiz Antwort % Korrekt
Eswatini
97%
Kiribati
93%
Kap Verde
88%
Oman
88%
Sambia
88%
Turkmenistan
88%
Palau
86%
St. Vincent und die Grenadinen
86%
Komoren
81%
Sierra Leone
81%
Vanuatu
81%
Südsudan
72%
Keine übereinstimmenden Quizze gefunden
Verteilung der Resultate
Anzahl Personen mit jedem Resultat
Perzentil nach korrekt beantworteten Fragen
Ihre Resultats-Entwicklung
Sie haben dieses Quiz noch nicht gespielt